| 000 | 01137cam a2200361 i 4500 | ||
|---|---|---|---|
| 001 | 200468191 | ||
| 003 | TR-AnTOB | ||
| 005 | 20260417171323.0 | ||
| 007 | ta | ||
| 008 | 260417s1984 mduab b 000 0 eng d | ||
| 010 | _a 85017776 | ||
| 020 | _a0890937478 | ||
| 020 |
_a089093746X _qpbk. |
||
| 020 | _a9780890937471 | ||
| 035 | _a3332776 | ||
| 040 |
_aDLC _beng _erda _cDLC _dDLC _dTR-AnTOB |
||
| 041 | 0 | _aeng | |
| 050 | 0 | 0 |
_aPS1305 _b.H83 1984 |
| 090 |
_aPS1305 _b.H83 1984 TıpFaK |
||
| 245 | 0 | 0 |
_aHuck Finn among the critics : _ba centennial selection / _cedited by M. Thomas Inge. |
| 264 | 1 |
_aFrederick, Md. : _bUniversity Publications of America, _c1984. |
|
| 300 |
_axi, 465 pages : _billustration, map ; _c23 cm |
||
| 336 |
_atext _btxt _2rdacontent |
||
| 337 |
_aunmediated _bn _2rdamedia |
||
| 338 |
_avolume _bnc _2rdacarrier |
||
| 504 | _aBIB | ||
| 600 | 1 | 0 |
_aTwain, Mark, _d1835-1910 _tAdventures of Huckleberry Finn. _9116971 |
| 600 | 1 | 0 |
_aFinn, Huckleberry _c(Fictitious character) _990706 |
| 700 | 1 |
_aInge, M. Thomas. _eeditor _9153077 |
|
| 942 |
_2lcc _cBK |
||
| 999 |
_c200468191 _d86403 |
||